[Event "VIII. hagymatikum Kupa „B”"]
[Site "Makó, Korona Hotel"]
[Date "2019.05.31"]
[Round "2.2"]
[White "Marta, Dominik"]
[Black "Hajdu, Istvan"]
[Result "1-0"]
[WhiteElo "2133"]
[BlackElo "1900"]
[PlyCount "73"]
[EventDate "2019.05.30"]

1. d4 d5 2. Nf3 Nf6 3. g3 c6 4. Bg2 h6 5. O-O Bf5 6. c4 e6 7. Nc3 Nbd7 8. cxd5
exd5 9. Nd2 Bd6 10. e4 dxe4 11. Ndxe4 Nxe4 12. Bxe4 Bxe4 13. Nxe4 Bc7 14. Qg4
Kf8 15. b3 g6 16. Re1 Kg7 17. Bb2 f5 18. d5+ Be5 19. Bxe5+ Nxe5 20. Qf4 Nd3 21.
Qd2 fxe4 22. Rxe4 Qf6 23. Rd1 Ne5 24. Qe3 Rhe8 25. dxc6 Nf3+ 26. Kg2 Rxe4 27.
Rd7+ Kg8 28. Qxe4 Rf8 29. Qd5+ Kh8 30. Rd6 Qa1 31. Rxg6 Qg1+ 32. Kh3 Ng5+ 33.
Kg4 Kh7 34. Qd3 Rf3 35. Rxh6+ Kxh6 36. Qd6+ Kh7 37. cxb7 1-0

[Event "VIII. hagymatikum Kupa „B”"]
[Site "Makó, Korona Hotel"]
[Date "2019.05.31"]
[Round "2.3"]
[White "Varga, Gabor"]
[Black "Retkes, Peter"]
[Result "0-1"]
[WhiteElo "1855"]
[BlackElo "2101"]
[PlyCount "72"]
[EventDate "2019.05.30"]

1. e4 e6 2. d4 b6 3. g3 Bb7 4. Bg2 Nf6 5. Bg5 Be7 6. Nd2 h6 7. Bxf6 Bxf6 8. Ne2
d5 9. e5 Be7 10. O-O c5 11. c3 Nc6 12. f4 g6 13. Qc2 Rc8 14. Qd3 h5 15. Rf2
cxd4 16. Nxd4 Nxd4 17. cxd4 Qc7 18. Nb3 O-O 19. Bh3 Qd7 20. g4 hxg4 21. Bxg4
Kg7 22. f5 exf5 23. Bxf5 Qxf5 24. Rxf5 gxf5 25. Qxf5 Ba6 26. Re1 Rc6 27. Qd7
Rg6+ 28. Kh1 Bg5 29. e6 Bc8 30. Qxd5 Bxe6 31. Qb5 a6 32. Qc6 Bxb3 33. Qxg6+
Kxg6 34. axb3 Rd8 35. Ra1 Rxd4 36. Rxa6 Rb4 0-1

[Event "VIII. hagymatikum Kupa „B”"]
[Site "Makó, Korona Hotel"]
[Date "2019.05.31"]
[Round "2.4"]
[White "Turcsanyi, Vince Gergo"]
[Black "Berta, Sandor"]
[Result "1/2-1/2"]
[WhiteElo "1816"]
[BlackElo "2062"]
[PlyCount "89"]
[EventDate "2019.05.30"]

1. e4 g6 2. d4 Bg7 3. Nc3 c6 4. Nf3 d5 5. exd5 cxd5 6. Bf4 Nf6 7. Qd2 O-O 8.
Bh6 Nc6 9. Bxg7 Kxg7 10. O-O-O a6 11. h4 h5 12. Ne5 Qd6 13. Nxc6 bxc6 14. f3 e5
15. dxe5 Qxe5 16. Re1 Qc7 17. Qd4 Qa7 18. Qxa7 Rxa7 19. Na4 Bf5 20. Nc5 a5 21.
Bd3 Bxd3 22. Nxd3 a4 23. Nf2 Rb8 24. Re3 c5 25. Rhe1 Rab7 26. b3 axb3 27. cxb3
c4 28. Kb2 d4 29. Re7 Nd5 30. Rxb7 Rxb7 31. Re4 c3+ 32. Kb1 Rc7 33. Rxd4 c2+
34. Kc1 Nc3 35. Rc4 Nxa2+ 36. Kxc2 Re7 37. Kb2 Nb4 38. Rxb4 Re2+ 39. Ka3 Rxf2
40. g4 Rxf3 41. g5 f6 42. gxf6+ Kxf6 43. Ka4 Kf5 44. Rb5+ Kg4 45. Rg5+ 1/2-1/2

[Event "VIII. hagymatikum Kupa „B”"]
[Site "Makó, Korona Hotel"]
[Date "2019.05.31"]
[Round "2.5"]
[White "Marjanovic, Gyorgy"]
[Black "Kocsmar, Akos"]
[Result "0-1"]
[WhiteElo "2035"]
[BlackElo "1769"]
[PlyCount "108"]
[EventDate "2019.05.30"]

1. e4 c6 2. d4 d5 3. e5 Bf5 4. Nd2 e6 5. Nb3 Nd7 6. Nf3 Ne7 7. a4 a5 8. Be2 Bg6
9. h4 h5 10. Bg5 Qc7 11. Bxe7 Bxe7 12. Bd3 Bxd3 13. cxd3 Qb6 14. O-O O-O-O 15.
Qc2 Rhe8 16. Rfc1 Bb4 17. Nc5 f6 18. g3 Qc7 19. Nxd7 Qxd7 20. Qe2 Qf7 21. Kg2
Qg6 22. Ng1 Kd7 23. Nh3 Qf7 24. Rc2 Rg8 25. f4 f5 26. Nf2 g6 27. Nd1 Qe7 28.
Rac1 Ra8 29. Nc3 Rgc8 30. Na2 Qf8 31. Kf3 Qe7 32. Ke3 Qf8 33. Qd1 Ra6 34. Rb1
Rb6 35. Nc1 c5 36. dxc5 Bxc5+ 37. d4 Be7 38. Rxc8 Qxc8 39. Nd3 Rc6 40. Qb3 Rc4
41. Qb5+ Qc6 42. Qxa5 Rxa4 43. Qd2 Qc4 44. b4 Ra3 45. Rb2 Bxb4 46. Rxb4 Rxd3+
47. Qxd3 Qxb4 48. Qc2 b5 49. Qa2 Qc3+ 50. Kf2 Qxd4+ 51. Kg2 Qa4 52. Qb2 d4 53.
Qc1 d3 54. Qc5 Qc2+ 0-1

[Event "VIII. hagymatikum Kupa „B”"]
[Site "Makó, Korona Hotel"]
[Date "2019.05.31"]
[Round "2.6"]
[White "Molnar, Gabor"]
[Black "Balint, Richard"]
[Result "0-1"]
[WhiteElo "1999"]
[BlackElo "2043"]
[PlyCount "110"]
[EventDate "2019.05.30"]

1. d4 Nf6 2. Bf4 c5 3. e3 Qb6 4. Nc3 a6 5. Rb1 d5 6. dxc5 Qxc5 7. Qd4 Qxd4 8.
exd4 Nc6 9. Rd1 Bf5 10. Bd3 Bxd3 11. Rxd3 b5 12. f3 e6 13. Nge2 Rc8 14. g4 Kd7
15. Kd2 h5 16. g5 Ne8 17. Kc1 Nd6 18. Kb1 Nf5 19. Nd1 Nb4 20. Rd2 Bd6 21. c3
Nc6 22. Bxd6 Kxd6 23. Ng3 Nce7 24. Nxf5+ Nxf5 25. Nf2 b4 26. Rd3 Rb8 27. Kc2
Rhc8 28. Rb1 Rc4 29. a3 bxa3 30. bxa3 Rxb1 31. Kxb1 f6 32. f4 e5 33. gxf6 gxf6
34. dxe5+ fxe5 35. Rf3 Ke6 36. fxe5 Kxe5 37. Kb2 a5 38. Nd3+ Ke4 39. Rf4+ Kxd3
40. Rxf5 Rc5 41. a4 h4 42. Rh5 Rxc3 43. Rxd5+ Kc4 44. Rc5+ Kxc5 45. Kxc3 h3 46.
Kd3 Kb4 47. Kd4 Kxa4 48. Kc4 Ka3 49. Kc3 a4 50. Kc2 Kb4 51. Kb2 Kc4 52. Ka3 Kd3
53. Kxa4 Ke3 54. Kb3 Kf2 55. Kc2 Kg2 0-1

[Event "VIII. hagymatikum Kupa „B”"]
[Site "Makó, Korona Hotel"]
[Date "2019.05.31"]
[Round "2.7"]
[White "Marko, Arpad"]
[Black "Illes, David Mark"]
[Result "0-1"]
[WhiteElo "1836"]
[BlackElo "1846"]
[PlyCount "68"]
[EventDate "2019.05.30"]

1. Nf3 Nf6 2. c4 g6 3. Nc3 d5 4. cxd5 Nxd5 5. e4 Nxc3 6. bxc3 Bg7 7. Bc4 O-O 8.
O-O c5 9. Rb1 Nc6 10. a4 Qc7 11. Re1 b6 12. Qe2 Bg4 13. h3 Bxf3 14. Qxf3 Ne5
15. Qe2 Rad8 16. Rf1 Nxc4 17. Qxc4 e5 18. Rd1 Qc6 19. Ba3 Rd6 20. d3 Rfd8 21.
a5 Qd7 22. axb6 axb6 23. Qb5 Qxb5 24. Rxb5 h6 25. Kf1 Rxd3 26. Rxd3 Rxd3 27.
Rxb6 Rxc3 28. Rb8+ Kh7 29. Bb2 Rc2 30. g3 c4 31. Ba3 Ra2 32. Bb4 Rb2 33. Bd6 c3
34. Ba3 Rxb8 0-1

[Event "VIII. hagymatikum Kupa „B”"]
[Site "Makó, Korona Hotel"]
[Date "2019.05.31"]
[Round "2.8"]
[White "Restas, Peter"]
[Black "Csibor, Andras"]
[Result "1-0"]
[WhiteElo "2086"]
[BlackElo "1786"]
[PlyCount "53"]
[EventDate "2019.05.30"]

1. c4 e5 2. Nc3 c6 3. Nf3 d6 4. d4 exd4 5. Nxd4 Nf6 6. e4 Be7 7. Be2 O-O 8. O-O
Nbd7 9. Be3 Ne5 10. h3 a6 11. b3 Qc7 12. Rc1 Bd7 13. f4 Ng6 14. Nf5 Rfe8 15.
Nxe7+ Rxe7 16. f5 Nf8 17. Bg5 h6 18. Bxf6 gxf6 19. Qd4 Re5 20. Rfd1 d5 21. cxd5
c5 22. Qf2 Qd6 23. Qh4 Kh7 24. Rd3 Bxf5 25. exf5 Rxf5 26. Qe4 Qe5 27. Bg4 1-0

[Event "VIII. hagymatikum Kupa „B”"]
[Site "Makó, Korona Hotel"]
[Date "2019.05.31"]
[Round "2.9"]
[White "Oltean, Cristian-Daniel"]
[Black "Fabian Nagy, Sandor"]
[Result "0-1"]
[WhiteElo "1689"]
[BlackElo "2021"]
[PlyCount "72"]
[EventDate "2019.05.30"]

1. e4 c5 2. d3 d5 3. Nd2 Nc6 4. Ngf3 e5 5. g3 d4 6. Bg2 Be7 7. O-O Be6 8. Ne1
g5 9. c3 dxc3 10. bxc3 Qd7 11. Qc2 h5 12. Nc4 h4 13. Ne3 h3 14. Bh1 Nf6 15. Nf3
g4 16. Nh4 O-O-O 17. Rd1 Kb8 18. Nhf5 Rh5 19. Ba3 Bf8 20. Rab1 b6 21. Qe2 Rg5
22. Bc1 Rg8 23. Ba3 Na5 24. Qc2 Qc6 25. Rd2 Qd7 26. Rbd1 Rc8 27. Qb2 Qa4 28.
Qc1 Nc6 29. Qb2 Nd7 30. d4 cxd4 31. Bxf8 dxe3 32. Bd6+ Ka8 33. Nxe3 Rgd8 34.
Nd5 Nc5 35. Nc7+ Rxc7 36. Bxc7 Qxd1+ 0-1

[Event "VIII. hagymatikum Kupa „B”"]
[Site "Makó, Korona Hotel"]
[Date "2019.05.31"]
[Round "2.10"]
[White "Martonosi, Adam"]
[Black "Lovaszi, Szabolcs"]
[Result "0-1"]
[WhiteElo "1944"]
[BlackElo "1667"]
[PlyCount "166"]
[EventDate "2019.05.30"]

1. c4 g6 2. Nf3 Bg7 3. g3 e5 4. Nc3 d6 5. Bg2 Nc6 6. O-O Be6 7. d3 h6 8. Bd2
Nf6 9. Qc1 Qd7 10. Re1 g5 11. Rb1 O-O 12. b4 a6 13. a4 Rab8 14. b5 Ne7 15. Qc2
axb5 16. axb5 Nf5 17. e4 Nd4 18. Nxd4 exd4 19. Ne2 Nh5 20. Rf1 f5 21. f4 g4 22.
Ra1 fxe4 23. Bxe4 Bf5 24. Bd5+ Be6 25. Bg2 d5 26. cxd5 Bxd5 27. Qc5 Bxg2 28.
Kxg2 Rf5 29. Qc4+ Kh7 30. Rab1 Re8 31. Rfe1 b6 32. Ng1 Rc5 33. Qb3 Rxe1 34.
Bxe1 Qe8 35. Bb4 Rxb5 36. Qa4 Qc6+ 37. Kf2 Rc5 38. Qxc6 Rxc6 39. Ne2 Rc2 40.
Be1 Nf6 41. Rc1 Rxc1 42. Nxc1 Nd5 43. Nb3 Kg6 44. Nd2 Ne3 45. Ne4 Kf5 46. Ke2
Bf8 47. Bd2 Nd5 48. Kd1 Nf6 49. Nf2 Ke6 50. Kc2 Kd5 51. Kb3 b5 52. Ba5 Bd6 53.
Nd1 Nd7 54. Nb2 Nb8 55. Bd2 h5 56. Nd1 c5 57. Nf2 c4+ 58. dxc4+ bxc4+ 59. Kc2
Na6 60. f5 Be7 61. Bh6 d3+ 62. Nxd3 cxd3+ 63. Kxd3 Ke5 64. Kc4 Kxf5 65. Bf4 Nc5
66. Bc1 Ne4 67. Kd3 Bd6 68. Ke2 Bc5 69. Kf1 Ng5 70. Kg2 Nf3 71. Bh6 Ke4 72. Bg7
Bd4 73. Bf8 Ke3 74. Bb4 Ke2 75. Ba5 Ne1+ 76. Kh1 Kf2 77. Bc7 Nd3 78. h3 Be5 79.
Bb6+ Kxg3 80. hxg4 hxg4 81. Kg1 Kf3 82. Kf1 g3 83. Bg1 g2# 0-1

[Event "VIII. hagymatikum Kupa „B”"]
[Site "Makó, Korona Hotel"]
[Date "2019.05.31"]
[Round "2.11"]
[White "Nagy, Gabor"]
[Black "Panda, Gyorgy"]
[Result "1/2-1/2"]
[WhiteElo "1897"]
[BlackElo "1653"]
[PlyCount "81"]
[EventDate "2019.05.30"]

1. e4 c5 2. d4 cxd4 3. c3 dxc3 4. Nxc3 e6 5. Bc4 a6 6. a4 Nc6 7. Nf3 Nge7 8.
O-O Ng6 9. Qe2 d6 10. Rd1 Be7 11. Be3 O-O 12. g3 b6 13. Nd4 Bb7 14. Nxc6 Bxc6
15. Bxa6 Bf6 16. Bb5 Bb7 17. Bd4 Bxd4 18. Rxd4 Qe7 19. Rad1 Rfd8 20. Qe3 Rac8
21. f4 Rc5 22. Qd2 d5 23. b4 Rcc8 24. exd5 exd5 25. Nxd5 Rxd5 26. Rxd5 Bxd5 27.
Qxd5 Qxb4 28. Qd4 Qc5 29. Qxc5 bxc5 30. a5 c4 31. a6 c3 32. Rc1 Ne7 33. Kf2 Nd5
34. a7 Nb6 35. Ke2 Kf8 36. Kd3 Rc7 37. Rxc3 Rxa7 38. Kd4 f6 39. Kc5 Rc7+ 40.
Bc6 Na4+ 41. Kd6 1/2-1/2

[Event "VIII. hagymatikum Kupa „B”"]
[Site "Makó, Korona Hotel"]
[Date "2019.05.31"]
[Round "2.12"]
[White "Kralik, Attila"]
[Black "Somogyi, Gabor"]
[Result "1/2-1/2"]
[WhiteElo "1631"]
[BlackElo "1874"]
[PlyCount "58"]
[EventDate "2019.05.30"]

1. Nf3 Nf6 2. g3 c5 3. Bg2 Nc6 4. d3 d5 5. O-O Bg4 6. Nbd2 e5 7. e4 dxe4 8.
dxe4 Qc7 9. c3 Be7 10. Qc2 O-O 11. Nc4 Be6 12. Ne3 h6 13. Nf5 Rfd8 14. Nxe7+
Nxe7 15. b3 Rac8 16. Bb2 Nc6 17. Rfd1 Bg4 18. h3 Bxf3 19. Bxf3 Rxd1+ 20. Rxd1
Rd8 21. Bc1 Rd6 22. Be3 b6 23. Be2 Qd7 24. Rxd6 Qxd6 25. f4 Nd7 26. Qc1 f6 27.
Bf1 Kh7 28. Bc4 Ne7 29. Qf1 Nf8 1/2-1/2

[Event "VIII. hagymatikum Kupa „B”"]
[Site "Makó, Korona Hotel"]
[Date "2019.05.31"]
[Round "2.13"]
[White "Tornyai, Jeno"]
[Black "Kardos, Levente"]
[Result "1-0"]
[WhiteElo "1860"]
[BlackElo "1629"]
[PlyCount "101"]
[EventDate "2019.05.30"]

1. d4 Nf6 2. Nc3 d5 3. Bg5 Nbd7 4. f3 c6 5. e4 dxe4 6. fxe4 Qb6 7. a3 h6 8. Bh4
e5 9. Nf3 Ng4 10. Nxe5 Ndxe5 11. dxe5 Bc5 12. Qf3 Nxe5 13. Qg3 Ng6 14. O-O-O
Nxh4 15. Qxg7 Ng6 16. Bc4 Qc7 17. Rhf1 Rf8 18. Bxf7+ Rxf7 19. Qxg6 Qe7 20. Kb1
Qe6 21. Qh5 Qe7 22. Rxf7 Qxf7 23. Qxc5 Be6 24. Qe5 Rd8 25. Qh8+ Qg8 26. Rxd8+
Kxd8 27. Qxg8+ Bxg8 28. Kc1 Ke7 29. Kd2 Kf6 30. Ke3 Ke5 31. g4 Be6 32. Kf3 Bf7
33. Ne2 h5 34. h3 Bg6 35. Ng3 hxg4+ 36. Kxg4 Bxe4 37. Nxe4 Kxe4 38. h4 Ke3 39.
h5 Kd2 40. h6 Kxc2 41. h7 Kxb2 42. h8=Q+ Kxa3 43. Qg7 b5 44. Qxa7+ Kb4 45. Qd4+
Ka5 46. Kf3 b4 47. Qc4 Ka4 48. Qa2+ Kb5 49. Ke4 c5 50. Kd5 Kb6 51. Qa4 1-0

[Event "VIII. hagymatikum Kupa „B”"]
[Site "Makó, Korona Hotel"]
[Date "2019.05.31"]
[Round "2.14"]
[White "Kiss, Laszlo"]
[Black "Vamosi, Peter Istvan"]
[Result "0-1"]
[WhiteElo "1850"]
[BlackElo "1626"]
[PlyCount "62"]
[EventDate "2019.05.30"]

1. e4 c6 2. d4 d5 3. Nc3 dxe4 4. Nxe4 Bf5 5. Ng3 Bg6 6. Nf3 Nd7 7. Bc4 e6 8.
O-O Be7 9. Ne2 Ngf6 10. Nf4 Bf5 11. Re1 Nd5 12. Bb3 Qc7 13. Nh5 Bf6 14. c4 Ne7
15. Bf4 Qa5 16. Ne5 Bg6 17. Rc1 O-O-O 18. Nxf6 Nxf6 19. d5 Rhe8 20. Qf3 exd5
21. cxd5 Nexd5 22. Qh3+ Nd7 23. Bxd5 Qxd5 24. Red1 Qe6 25. Qa3 Nxe5 26. Qxa7
Rd5 27. Rxd5 Qxd5 28. Qa8+ Kd7 29. Qxb7+ Ke6 30. Bxe5 Kxe5 31. Re1+ Kf6 0-1

[Event "VIII. hagymatikum Kupa „B”"]
[Site "Makó, Korona Hotel"]
[Date "2019.05.31"]
[Round "2.15"]
[White "Torok, Csaba"]
[Black "Kopias, Ferenc"]
[Result "1/2-1/2"]
[WhiteElo "1579"]
[BlackElo "1819"]
[PlyCount "87"]
[EventDate "2019.05.30"]

1. e4 c6 2. d4 d5 3. exd5 cxd5 4. c4 e6 5. Nc3 Nf6 6. Nf3 Be7 7. cxd5 Nxd5 8.
Bc4 Nb6 9. Bb3 Nc6 10. O-O O-O 11. Re1 Bf6 12. Be3 Bd7 13. Ne4 Be7 14. a3 Na5
15. Bc2 Nac4 16. Bc1 Qc7 17. Qd3 g6 18. b3 Nd6 19. Bg5 Bb5 20. Qd2 Nxe4 21.
Rxe4 Bc6 22. Bf4 Qd8 23. Re3 Nd5 24. Ree1 Nxf4 25. Qxf4 Bxf3 26. Qxf3 Rc8 27.
Qd3 Bf6 28. Rad1 Qc7 29. Re2 Rfd8 30. Qe3 Qd6 31. Red2 Qxa3 32. Be4 Qb4 33. d5
Rc3 34. Qf4 Bg7 35. dxe6 Rxd2 36. exf7+ Kh8 37. Qxd2 Qf8 38. Bd5 Rc7 39. Bc4
Re7 40. Qd8 a5 41. g3 b5 42. Qxf8+ Bxf8 43. Bxb5 Rxf7 44. Bc4 1/2-1/2

[Event "VIII. hagymatikum Kupa „B”"]
[Site "Makó, Korona Hotel"]
[Date "2019.05.31"]
[Round "2.16"]
[White "Fridrik, Richard"]
[Black "Marjanovic, Alex"]
[Result "1-0"]
[WhiteElo "1786"]
[BlackElo "1608"]
[PlyCount "49"]
[EventDate "2019.05.30"]

1. e4 e5 2. Nf3 Nc6 3. d4 exd4 4. Nxd4 Nf6 5. Nxc6 bxc6 6. Bd3 d5 7. Bg5 dxe4
8. Bxf6 Qxf6 9. Bxe4 Bc5 10. O-O O-O 11. Qh5 g6 12. Qxc5 Qxb2 13. Qc3 Qb6 14.
Qxc6 Qxc6 15. Bxc6 Rb8 16. Nc3 Rb2 17. Be4 Ba6 18. Rfb1 Rxb1+ 19. Rxb1 Rd8 20.
Rd1 Re8 21. g4 Bc8 22. Bc6 Rf8 23. Bd7 Bb7 24. Re1 Bf3 25. h3 1-0

[Event "VIII. hagymatikum Kupa „B”"]
[Site "Makó, Korona Hotel"]
[Date "2019.05.31"]
[Round "2.17"]
[White "Panda, Barnabas"]
[Black "Vadkerti, Vince"]
[Result "1-0"]
[WhiteElo "1722"]
[BlackElo "1509"]
[PlyCount "91"]
[EventDate "2019.05.30"]

1. d4 d5 2. c4 e6 3. Nc3 Nf6 4. Nf3 Nbd7 5. e3 c6 6. Bd3 Bd6 7. O-O O-O 8. e4
dxc4 9. Bxc4 e5 10. Bg5 a6 11. a4 Re8 12. Qb3 Qe7 13. Rfe1 Rb8 14. dxe5 Nxe5
15. Nxe5 Bxe5 16. f4 Bxc3 17. Qxc3 Be6 18. Bf1 h6 19. Bxf6 Qxf6 20. Qxf6 gxf6
21. f5 Bd7 22. Rad1 Rbd8 23. Rd3 Kf8 24. Kf2 Bc8 25. Red1 Rxd3 26. Bxd3 b5 27.
Bc2 Ke7 28. Kf3 Bb7 29. axb5 cxb5 30. Rd4 Kf8 31. Bb3 Re5 32. Kf4 Ke7 33. g4
Kf8 34. h4 Ke7 35. g5 hxg5+ 36. hxg5 fxg5+ 37. Kxg5 Rxe4 38. f6+ Kf8 39. Rd8+
Re8 40. Rd7 Re5+ 41. Kh6 Bf3 42. Rxf7+ Ke8 43. Rg7 Bd5 44. Bxd5 Rxd5 45. Kg6
Kf8 46. Rh7 1-0

[Event "VIII. hagymatikum Kupa „B”"]
[Site "Makó, Korona Hotel"]
[Date "2019.05.31"]
[Round "2.18"]
[White "Farkas, Virag"]
[Black "K. Szabo, Jozsef"]
[Result "0-1"]
[WhiteElo "1458"]
[BlackElo "1699"]
[PlyCount "54"]
[EventDate "2019.05.30"]

1. d4 Nf6 2. Bf4 d5 3. e3 e6 4. Bd3 Bd6 5. Bg3 O-O 6. Nf3 c6 7. c3 Qc7 8. Ne5
Nbd7 9. f4 c5 10. Nd2 b6 11. Qb1 a5 12. a4 Ba6 13. Bxa6 Rxa6 14. h3 Nh5 15. Bh4
Nxe5 16. fxe5 Be7 17. Bf2 g6 18. Nf3 f6 19. g4 Ng7 20. Bg3 fxe5 21. Rf1 Ra7 22.
Bxe5 Bd6 23. Kd2 Qd8 24. Qe1 Raf7 25. Bxd6 Qxd6 26. Qe2 Qg3 27. Ng5 Rf2 0-1

[Event "VIII. hagymatikum Kupa „B”"]
[Site "Makó, Korona Hotel"]
[Date "2019.05.31"]
[Round "2.20"]
[White "Abraham, Lajos"]
[Black "Csomos, Janos"]
[Result "1-0"]
[WhiteElo "1662"]
[BlackElo "1693"]
[PlyCount "61"]
[EventDate "2019.05.30"]

1. Nf3 Nf6 2. c4 c6 3. Nc3 d5 4. e3 Bg4 5. cxd5 cxd5 6. Qa4+ Qd7 7. Bb5 Nc6 8.
Ne5 Qd6 9. Bxc6+ bxc6 10. Nxg4 Nxg4 11. Qxg4 g6 12. d4 h5 13. Qg3 Qd7 14. h3 e6
15. Qe5 Rg8 16. Qf6 Be7 17. Qf3 O-O-O 18. e4 dxe4 19. Qxe4 f5 20. Qd3 Qxd4 21.
Qxd4 Rxd4 22. Be3 Rb4 23. Rb1 e5 24. Bxa7 c5 25. Nd5 Re4+ 26. Kf1 Bd6 27. Nf6
Rg7 28. Nxe4 fxe4 29. Bxc5 Bxc5 30. Rc1 Rc7 31. a3 1-0

[Event "VIII. hagymatikum Kupa „B”"]
[Site "Makó, Korona Hotel"]
[Date "2019.05.31"]
[Round "2.21"]
[White "Onodi, Miklos"]
[Black "Balogh, Gyula"]
[Result "0-1"]
[WhiteElo "1492"]
[BlackElo "1372"]
[PlyCount "46"]
[EventDate "2019.05.30"]

1. d4 d5 2. Bf4 Nf6 3. e3 Bf5 4. c4 e6 5. Nc3 c5 6. Nb5 Qa5+ 7. Qd2 Qxd2+ 8.
Kxd2 Na6 9. Nd6+ Bxd6 10. Bxd6 Ne4+ 11. Ke1 Nxd6 12. cxd5 cxd4 13. dxe6 Bxe6
14. exd4 Bc4 15. Ne2 Nb4 16. Rb1 Bxa2 17. Rd1 Bb3 18. Ra1 Nc2+ 19. Kd2 Nxa1 20.
Nc1 Be6 21. Kc3 Rc8+ 22. Kb4 Nc2+ 23. Ka4 Nxd4 0-1

[Event "VIII. hagymatikum Kupa „B”"]
[Site "Makó, Korona Hotel"]
[Date "2019.05.31"]
[Round "2.22"]
[White "Csiki, Laszlo Levente"]
[Black "Toth, Lili"]
[Result "0-1"]
[WhiteElo "1222"]
[BlackElo "1464"]
[PlyCount "116"]
[EventDate "2019.05.30"]

1. e4 e5 2. Nf3 Nc6 3. Bc4 Bc5 4. O-O Nf6 5. Nc3 O-O 6. d3 h6 7. Be3 Bb6 8. Nd5
d6 9. Nxf6+ Qxf6 10. h3 Be6 11. Bb3 Nd4 12. Nxd4 exd4 13. Bd2 Qg6 14. Qf3 c6
15. Bf4 Bc7 16. Qg3 Qxg3 17. fxg3 a5 18. a4 Bxb3 19. cxb3 Rae8 20. Rac1 g5 21.
Bd2 f6 22. Rc4 c5 23. b4 axb4 24. Bxb4 b6 25. Bd2 Re5 26. b4 f5 27. Rxf5 Rfxf5
28. exf5 Rxf5 29. bxc5 dxc5 30. g4 Rd5 31. Kf2 Kf7 32. Kf3 Re5 33. Rc1 Ke6 34.
Re1 Rxe1 35. Bxe1 Kd5 36. Ke2 c4 37. dxc4+ Kxc4 38. Kd2 b5 39. axb5 Ba5+ 40.
Ke2 Bxe1 41. Kxe1 Kxb5 42. Kd2 Kc4 43. Kc2 d3+ 44. Kd2 Kd4 45. Kd1 Ke3 46. Ke1
d2+ 47. Kd1 Kf2 48. Kxd2 Kxg2 49. Ke2 Kxh3 50. Kf3 Kh4 51. Kf2 Kxg4 52. Kg2 Kf4
53. Kf2 g4 54. Kg2 g3 55. Kg1 Kf3 56. Kf1 g2+ 57. Kg1 h5 58. Kh2 Kf2 0-1